[Event "FRA-chT2 North 0607"]
[Site "France"]
[Date "2006.11.26"]
[Round "3.7"]
[White "Plus, Jerome"]
[Black "Manet, Eric"]
[Result "0-1"]
[WhiteElo "1770"]
[BlackElo "1976"]
[PlyCount "72"]
[EventDate "2006.10.15"]
[EventType "team"]
[EventRounds "11"]
[EventCountry "FRA"]
[SourceTitle "EXT 2008"]
[Source "ChessBase"]
[SourceDate "2007.11.25"]
[SourceVersion "1"]
[SourceVersionDate "2007.11.25"]
[SourceQuality "1"]
[WhiteTeam "Rosny sous Bois"]
[BlackTeam "Arras"]
[WhiteTeamCountry "FRA"]
[BlackTeamCountry "FRA"]

1. d4 Nf6 2. c4 g6 3. Nf3 Bg7 4. Bf4 0-0 5. Nbd2 d6 6. h3 Nh5 7. Bh2 c5 8. e3 Qa5 9. Bd3 Nc6 10. 0-0 cxd4 11. Nb3 Qb6 12. g4 dxe3 13. gxh5 Bxh3 14. c5 dxc5 15. hxg6 hxg6 16. fxe3 Bxf1 17. Qxf1 c4 18. Bxc4 Qxe3+ 19. Kg2 Qe4 20. Rb1 Rad8 21. Nc5 Qg4+ 22. Kh1 b6 23. Nb3 e5 24. Be2 Qf5 25. Qe1 Bf6 26. Rc1 Nd4 27. Nbxd4 exd4 28. Qg3 d3 29. Bd1 Rfe8 30. Rc4 Re4 31. Rc6 Rde8 32. Bb3 Re3 33. Rc7 Be7 34. Rxe7 R8xe7 35. Qb8+ Re8 36. Qb7 Qxf3+ 0-1

[Event "Bois Colombes op 2nd"]
[Site "Bois Colombes"]
[Date "2005.12.24"]
[Round "4"]
[White "Stojanovic, Aleksandar1111"]
[Black "Plus, Jerome"]
[Result "0-1"]
[WhiteElo "1858"]
[BlackElo "1810"]
[PlyCount "78"]
[EventDate "2005.12.21"]
[EventType "swiss"]
[EventRounds "6"]
[EventCountry "FRA"]
[SourceTitle "EXT 2007"]
[Source "ChessBase"]
[SourceDate "2006.11.23"]
[SourceVersion "1"]
[SourceVersionDate "2006.11.23"]
[SourceQuality "1"]

1. e4 c6 2. d4 d5 3. Nd2 dxe4 4. Nxe4 Bf5 5. Ng3 Bg6 6. Nf3 Nd7 7. Nh4 e6 8. Nxg6 hxg6 9. Bd3 Ngf6 10. Qe2 Bd6 11. Bd2 Qe7 12. Bg5 Bxg3 13. fxg3 Qd6 14. Be3 0-0-0 15. 0-0-0 Rh5 16. c4 Rdh8 17. Bf4 Qf8 18. g4 Ra5 19. Kb1 c5 20. Bd2 Ra6 21. d5 Qd8 22. g5 Ne8 23. h4 exd5 24. cxd5 Ra4 25. g3 Nd6 26. b3 Re8 27. Qf1 Rd4 28. Bc3 Rxd5 29. Qg2 Nb6 30. g4 c4 31. bxc4 Ndxc4 32. Bf5+ gxf5 33. Rxd5 Nxd5 34. Bxg7 Qb6+ 35. Ka1 Nde3 36. Qc2 Kb8 37. gxf5 Na3 38. Qh2+ Ka8 39. Re1 Nec2+ 0-1

[Event "Cap d'Agde Avenir op"]
[Site "Cap d'Agde"]
[Date "2003.10.24"]
[Round "2"]
[White "Plus, Jerome"]
[Black "Miguel, Alain"]
[Result "0-1"]
[WhiteElo "1560"]
[BlackElo "1730"]
[PlyCount "96"]
[EventDate "2003.10.24"]
[EventType "swiss"]
[EventRounds "9"]
[EventCountry "FRA"]
[SourceTitle "EXT 2005"]
[Source "ChessBase"]
[SourceDate "2004.11.15"]
[SourceVersion "1"]
[SourceVersionDate "2004.11.15"]
[SourceQuality "1"]

1. d4 Nf6 2. c4 g6 3. Nc3 Bg7 4. e4 d6 5. Bg5 h6 6. Bh4 0-0 7. Be2 Nbd7 8. Nf3 c5 9. d5 Nh5 10. Qc1 a6 11. a4 Qe8 12. Bg3 f5 13. exf5 Rxf5 14. Bd3 Nxg3 15. hxg3 Rxf3 16. gxf3 Qf7 17. Rxh6 Bxh6 18. Qxh6 Ne5 19. 0-0-0 Qg7 20. Qxg7+ Kxg7 21. Be2 Bd7 22. b3 Rh8 23. f4 Nf7 24. g4 Rh3 25. Kb2 Nh6 26. f3 Rh2 27. Kc2 Nf7 28. Kd2 g5 29. fxg5 Nxg5 30. Ke3 Rh3 31. Kf4 Nf7 32. Ne4 Rh2 33. Ke3 Ne5 34. Rg1 b5 35. Ng5 Rh4 36. Ne6+ Bxe6 37. dxe6 Nc6 38. f4 Rh3+ 39. Bf3 Nd4 40. Rf1 Nxb3 41. g5 Nd4 42. Ke4 Rg3 43. Bd1 Nxe6 44. f5 Nxg5+ 45. Kf4 Rg2 46. Re1 Kf6 47. Bf3 Rf2 48. Re3 Rxf3+ 0-1